| 000 | 00802nam a2200229 a 4500 | ||
|---|---|---|---|
| 001 | BRCA_1833 | ||
| 005 | 20190320203552.0 | ||
| 008 | 000517s1999 mx-a---###---#000-0#spa-# | ||
| 020 | _a9709244302 | ||
| 040 |
_aDLC _cDLC |
||
| 050 | 4 |
_aND259.N3 _b.T75 1999 |
|
| 245 | 1 | 0 |
_aNaret _bun tributo a Xochimilco _csupervisión editorial José E. Valades ; formación gráfica Tonatiuh Gutiérrez ; fotografía Luis Enriquez, Gerardo González. |
| 260 |
_aMéxico _bREFOSA _c1999 |
||
| 300 |
_a61 p. _bil. a color _c31 cm. |
||
| 600 | 1 | 4 |
_aNaret _xTemas, motivos _95697 |
| 651 | 4 |
_aXochimilco (Distrito Federal, México) _xEn el arte _95698 |
|
| 700 | 1 |
_aValades, José E _95699 |
|
| 700 | 1 |
_aGutiérrez, Tonatiuh _9943 |
|
| 700 | 1 |
_aEnriquez, Luis _95700 |
|
| 740 | 0 | _aun tributo a Xochimilco | |
| 942 |
_2lcc _cB |
||
| 999 |
_c1614 _d1614 |
||